| 000 | 00735nam a2200241 a 4500 | ||
|---|---|---|---|
| 008 | |||
| 020 | _a9780443103971 (pbk.) | ||
| 049 | _aMAIN | ||
| 090 |
_aRJ45 _bFOR |
||
| 245 | 1 | 0 |
_aForfar and Arneil's textbook of pediatrics / _cedited by McIntosh Neil... [et al.] |
| 250 | _a7th ed./ International Ed. | ||
| 260 |
_aEdinburgh : _bChurchill Livingstone, _c2008. |
||
| 300 |
_axix, 1734p. : _bcol.ill. ; _c28cm |
||
| 500 | _aIncludes index. | ||
| 504 | _aInncludes bibliographical references. | ||
| 650 | 1 | _aPediatrics. | |
| 700 | _aMacIntosh, Neil. | ||
| 907 |
_a.b10283821 _b08-06-11 _c22-09-10 |
||
| 003 | |||
| 005 | 20230120204030.0 | ||
| 040 | _cNUST | ||
| 942 |
_cBOOKS _kRJ45 _mFOR |
||
| 999 |
_c115895 _d115895 |
||